03331nam a22003494a 4500001001200000003000800012006001900020007001500039008004100054010001700095016002000112020004300132020004000175040002100215035002100236050002300257082001700280245010900297260004300406300002300449504005100472505095600523505109701479533015202576650001402728655002902742700002902771700002102800710001702821856012602838999001702964ebr10294882CaPaEBRm u cr cn|||||||||080806s2009 nyua sb 001 0 eng  z 20080347277 z1014807992DNLM z9781933864105 (hardcover : alk. paper) z1933864109 (hardcover : alk. paper) aCaPaEBRcCaPaEBR a(OCoLC)32790768714aRC372b.N66 2009eb04a616.8/5322200aNonconvulsive status epilepticush[electronic resource] /cedited by Peter W. Kaplan, Frank W. Drislane. aNew York, NY :bDemos Medical,cc2009. axi, 303 p. :bill. aIncludes bibliographical references and index.0 aThe history of nonconvulsive status epilepticus / Peter W. Kaplan -- The classification of nonconvulsive status epilepticus / Simon Shorvon -- The epidemiology of nonconvulsive status epilepticus / Elizabeth J. Waterhouse -- The electroencephalogram of nonconvulsive status epileticus / Susan T. Herman -- Controversial electroencephalographic patterns and nonconvulsive status epilepticus / Richard P. Brenner -- Imaging in nonconvulsive status epilepticus / Jonathan C. Edwards and Diana Gomez-Hassan -- Pathophysiology of nonconvulsive status epilepticus / Jaideep Kapur -- Frontal lobe nonconvulsive status epilepticus / Pierre Thomas and Benjamin Zifkin -- Parietal lobe nonconvulsive status epilepticus / Jennifer Hopp and Allan Krumholz -- Temporal lobe nonconvulsive status epilepticus / Heinz Gregor Wieser and Michael Fischer -- Occipital lobe nonconvulsive status epilepticus / Barbara C. Jobst, David W. Roberts, and Peter D. Williamson --0 aAbsence status epilepticus / Michael Koutroumanidis -- Nonconvulsive status epilepticus in critically ill and comatose patients in the intensive care unit / Jeffrey Jirsch and Lawrence J. Hirsch -- Nonconvulsive status epilepticus : a mimicker of neurologic disorders / Krzysztof Bujarski and Michael R. Sperling -- Psychiatric manifestations of nonconvulsive status epilepticus / Ada V. Chicharro and Andres M. Kanner -- Nonconvulsive status epilepticus in infants / Christian M. Korff and Douglas R. Nordli, Jr. -- Nonconvulsive status epilepticus in children / James J. Riviello, Jr. -- Nonconvulsive status epilepticus in the elderly / Frank W. Drislane -- Nonconvulsive status epilepticus : special considerations in the mentally retarded / Randa Y. Makhoul and Mohamad A. Mikati -- Principles of treatment of nonconvulsive status epilepticus / Matthew C. Walker -- Prognosis and outcomes of infants and children with nonconvulsive status epilepticus / Alexis Arzimanoglou and Edouard Hirsch -- Prognosis and outcomes of adults with nonconvulsive status epilepticus / Nathan B. Fountain. aElectronic reproduction.bPalo Alto, Calif. :cebrary,d2013.nAvailable via World Wide Web.nAccess may be limited to ebrary affiliated libraries. 0aEpilepsy. 7aElectronic books.2local1 aKaplan, Peter W.,d1951-1 aDrislane, Frank.2 aebrary, Inc.40uhttp://site.ebrary.com/lib/rucke/Doc?id=10294882zAn electronic book accessible through the World Wide Web; click to view c76657d76657